100 most common German Words to English - Statistics

General Stats
  • This quiz has been taken 424 times
    279 since last reset
  • The average score is 66 of 100
Answer Stats
German English % Correct
und and
98%
ich I
96%
der/die/das the/that/those
96%
ein a/an/one
94%
haben have
94%
in in
91%
ja yes/really
90%
mit with
89%
nicht not
86%
für for
85%
von from/of
84%
oder or
84%
zu to/at/too
84%
sie she/her/they/them/you
82%
so so/thus/this way/such
81%
wir we
81%
groß big/large/great
80%
aber but
80%
es it
80%
du you
80%
kommen come
79%
gut good
79%
er he
79%
zwei two
77%
können can/be able to
76%
mein my
76%
dann then
76%
jahr year
76%
auch also/too
75%
hier here
75%
wie how
75%
kein no/not
75%
sein be
74%
wenn if/when
74%
machen make/do
74%
neu new
74%
gehen go
73%
dass that
73%
was what
73%
ihr you/yours/her/hers
73%
all all
72%
über above/over/about
71%
müssen must/have to
71%
jetzt now
71%
wo where
71%
geben give
70%
sehen see
70%
zeit time
70%
sehr very
70%
lang long
68%
viel much/a lot/many
68%
unter under
68%
immer always
67%
bei by/with/at
67%
mehr more
67%
sagen say
67%
aus out/out of/from
66%
werden become/will
65%
mich me
64%
auf on/at/in
64%
wollen want
64%
erste first
63%
mir me
63%
nur only
62%
da there/because
62%
dies this/that
62%
unser our
61%
an at/on
60%
jede every/each
59%
andere other
59%
nach after/toward
57%
ihm him/it
57%
wissen know
57%
als as/when/than
56%
uns us
54%
weil because
53%
vor in front of/before/ago
53%
stehen stand
53%
sollen should
52%
bis until
52%
wieder again
50%
lassen allow/let/have donw
50%
man one/you
49%
durch through
49%
schon already
48%
also so/therefore
48%
beispiel example
47%
selbst self/even
47%
noch still/yet
46%
sein his/its
41%
mal time
41%
ihn him
39%
ganz whole/all the/quite
39%
denn because
37%
eigentlich actually
33%
sich self
31%
oben above/up there
29%
um around
28%
damit with it/ so that
21%
doch however/still
13%
No matching quizzes found
Score Distribution
Percent of People with Each Score
Percentile by Number Answered
Your Score History
You have not taken this quiz since the last reset